<?xml version="1.0" encoding="UTF-8"?>
<collection xmlns="http://www.loc.gov/MARC21/slim">
 <record>
  <leader>00947cam a2200217 a 4500</leader>
  <controlfield tag="001">1/42559</controlfield>
  <controlfield tag="008">120525s2011    enka     b    001 0 eng  </controlfield>
  <datafield tag="020" ind1=" " ind2=" ">
   <subfield code="a">9780470741337 (hardback)</subfield>
  </datafield>
  <datafield tag="035" ind1=" " ind2=" ">
   <subfield code="l">45425</subfield>
  </datafield>
  <datafield tag="040" ind1=" " ind2=" ">
   <subfield code="a">DLC</subfield>
   <subfield code="c">DLC</subfield>
   <subfield code="d">DLC</subfield>
  </datafield>
  <datafield tag="082" ind1="0" ind2="0">
   <subfield code="a">629.1 SYS</subfield>
  </datafield>
  <datafield tag="245" ind1="0" ind2="0">
   <subfield code="a">System health management :</subfield>
   <subfield code="b">with aerospace applications /</subfield>
   <subfield code="c">edited by Stephen B Johnson ... [et al.].</subfield>
  </datafield>
  <datafield tag="260" ind1=" " ind2=" ">
   <subfield code="a">Hoboken, N.J. :</subfield>
   <subfield code="b">Wiley,</subfield>
   <subfield code="c">2011.</subfield>
  </datafield>
  <datafield tag="300" ind1=" " ind2=" ">
   <subfield code="a">xxxii, 630 σ. :</subfield>
   <subfield code="b">εικ. ;</subfield>
   <subfield code="c">26 εκ.</subfield>
  </datafield>
  <datafield tag="504" ind1=" " ind2=" ">
   <subfield code="a">IΠεριέχει βιβλιογραφία και ευρετήριο.</subfield>
  </datafield>
  <datafield tag="650" ind1=" " ind2="4">
   <subfield code="a">Aeronautics</subfield>
   <subfield code="x">Systems engineering</subfield>
   <subfield code="x">Quality control.</subfield>
  </datafield>
  <datafield tag="650" ind1=" " ind2="4">
   <subfield code="a">Astronautics</subfield>
   <subfield code="x">Systems engineering</subfield>
   <subfield code="x">Quality control.</subfield>
  </datafield>
  <datafield tag="650" ind1=" " ind2="7">
   <subfield code="a">TECHNOLOGY &amp; ENGINEERING / Aeronautics &amp; Astronautics</subfield>
   <subfield code="2">bisacsh.</subfield>
  </datafield>
  <datafield tag="700" ind1="1" ind2=" ">
   <subfield code="a">Johnson, Stephen B.,</subfield>
   <subfield code="d">1959-</subfield>
  </datafield>
  <datafield tag="852" ind1=" " ind2=" ">
   <subfield code="a">INST</subfield>
   <subfield code="b">UNIPILB</subfield>
   <subfield code="c">MAIN</subfield>
   <subfield code="e">20120525</subfield>
   <subfield code="h">629.1 SYS</subfield>
   <subfield code="p">00165307</subfield>
   <subfield code="q">00165307</subfield>
   <subfield code="t">LOAN</subfield>
   <subfield code="y">0</subfield>
   <subfield code="4">1</subfield>
  </datafield>
  <datafield tag="856" ind1="4" ind2=" ">
   <subfield code="d">/webopac/covers/03/45425_9780470741337.jpg</subfield>
   <subfield code="z">(hardback)</subfield>
  </datafield>
 </record>
</collection>
